Sports Quiz

Random Sports or NFL Quiz

California Pro Sports Teams Quiz Stats

 Plays Quiz Updated Jan 23, 2020

Support Sporcle.
Go Orange.
Score 0/19 Timer 03:00
1 Play Today
Sport Team Name % Correct
NBALos Angeles Lakers
96.1%
NFLSan Francisco 49ers
93.1%
MLBLos Angeles Angels
93.1%
MLBLos Angeles Dodgers
92.8%
NHLLos Angeles Kings
91.8%
NBASacramento Kings
91.8%
NFLLos Angeles Chargers
91.1%
MLBSan Francisco Giants
91%
NFLLos Angeles Rams
90.2%
NBALos Angeles Clippers
89.7%
Sport Team Name % Correct
MLBOakland Athletics
86.4%
MLBSan Diego Padres
85.9%
NBAGolden State Warriors
80.7%
MLSLos Angeles Galaxy
71.2%
NHLSan Jose Sharks
67.8%
NHLAnaheim Ducks
64.8%
WNBALos Angeles Sparks
58.3%
MLSLos Angeles FC
35.3%
MLSSan Jose Earthquakes
25.6%

From the Vault

World Leaders' Eyes

by gazzso

History 3m
We've got our eyes on you.
Remove Ads.
Support Sporcle.
Get the best of Sporcle when you Go Orange. This ad-free experience offers more features, more stats, and more fun while also helping to support Sporcle. Thank you for becoming a member.

Show Comments

Extras

Top Quizzes Today


Score Distribution

Your Account Isn't Verified!

In order to create a playlist on Sporcle, you need to verify the email address you used during registration. Go to your Sporcle Settings to finish the process.

Report this User

Report this user for behavior that violates our Community Guidelines.

Details: